000 00690nam a22002537a 4500
008 130723b xxu||||| |||| 00| 0 eng d
020 _a978 81 272 5763
024 _cAvailable
037 _cAvailable
040 _aMBSTU Library
_dMBSTU Library
082 _222
_a630 SIP
100 _aSingh, B.D
245 _aPlant Breeding :Principles and methoods
250 _a8th rev.
260 _aNew Delhi
_bKalyani Publishers
_c1983
300 _a24 cm
_b889 Page
_f03
_g24 cm
600 _2Plant Culture
650 _2Plant Culture
700 _aSingh, B.D
270 _aNew Delhi
_bNew Delhi
_dIndia
365 _b467
_d467
942 _2ddc
_cBK
999 _c594
_d594